[Event "Quebec op 3e RIDEF"]
[Site "Montreal CAN"]
[Date "2015.07.18"]
[Round "2.18"]
[White "Duong, Thanh Nha"]
[Black "Cloutier, Mathieu"]
[Result "0-1"]
[WhiteElo "2277"]
[BlackElo "1972"]
[PlyCount "80"]
[EventDate "2015.07.17"]
[EventType "swiss"]
[EventRounds "9"]
[EventCountry "CAN"]

1. c4 Nf6 2. Nc3 e6 3. e4 d6 4. d4 c5 5. d5 exd5 6. cxd5 a6 7. a4 g6 8. Be2 Bg7
9. h4 Qe7 10. Qc2 Ng4 11. f3 Ne5 12. Bg5 f6 13. Be3 Nbd7 14. f4 Nf7 15. Nf3 f5
16. Ng5 Nf6 17. e5 dxe5 18. Nxf7 Kxf7 19. fxe5 Qxe5 20. Bxc5 Qg3+ 21. Bf2 Qxg2
22. Rg1 Qh2 23. Qb3 Qd6 24. O-O-O Qf4+ 25. Kb1 Qxf2 26. Bc4 Bh6 27. d6+ Kg7 28.
Rge1 Rd8 29. Re7+ Kh8 30. h5 Nxh5 31. Be2 Nf6 32. Rf1 Qh4 33. Qb6 Bd7 34. Qxb7
Rab8 35. Qxa6 Qb4 36. Bb5 Bxb5 37. Nxb5 Bf8 38. Re6 Qc4 39. Rfe1 Ne4 40. Qa5
Qxe6 0-1

[Event "Quebec op 3e RIDEF"]
[Site "Montreal CAN"]
[Date "2015.07.18"]
[Round "3.25"]
[White "Mok, Yuen Tak"]
[Black "Duong, Thanh Nha"]
[Result "0-1"]
[WhiteElo "1892"]
[BlackElo "2277"]
[PlyCount "150"]
[EventDate "2015.07.17"]
[EventType "swiss"]
[EventRounds "9"]
[EventCountry "CAN"]

1. e4 e6 2. Qe2 c5 3. Nf3 Nc6 4. g3 d6 5. Bg2 g6 6. O-O Bg7 7. c3 Nge7 8. Na3
O-O 9. Nc2 e5 10. Nfe1 f5 11. exf5 gxf5 12. f4 Kh8 13. d3 b6 14. Nf3 Qe8 15.
Ne3 Ba6 16. fxe5 dxe5 17. Nc4 Bxc4 18. dxc4 Qh5 19. Qe1 Bf6 20. Qe3 Rg8 21. Ne1
Rad8 22. Bxc6 Nxc6 23. Qf3 Qxf3 24. Nxf3 Ne7 25. Kf2 e4 26. Ne1 Bg5 27. Ke2
Bxc1 28. Rxc1 Rg6 29. Ng2 Rgd6 30. Rc2 Kg7 31. g4 Rg6 32. Nf4 Rgd6 33. Rg1 fxg4
34. Rxg4+ Kf6 35. Nh5+ Kf5 36. h3 e3 37. Ng3+ Ke5 38. Re4+ Kf6 39. Rxe7 Rd2+
40. Kxe3 Rxc2 41. Rxh7 Rxb2 42. Rxa7 Rh8 43. Ne4+ Kf5 44. Rf7+ Kg6 45. Rf6+ Kg7
46. Rf3 Rxa2 47. Nf2 Re8+ 48. Ne4 Rg2 49. Kd3 Rd8+ 50. Ke3 Rf8 51. Rxf8 Kxf8
52. Nf6 Rg6 53. Nd5 Rh6 54. Kf4 Ke8 55. Kg4 Kd7 56. h4 Kc6 57. Ne7+ Kd7 58. Nd5
Rd6 59. Kg5 Ke6 60. h5 Kf7 61. Nf4 Kg7 62. Nd5 Re6 63. Kf5 Kf7 64. Nf4 Re3 65.
Nd5 Re6 66. Nf4 Rh6 67. Kg5 Rd6 68. Nd5 b5 69. Ne3 b4 70. Nf5 Rd1 71. cxb4 cxb4
72. Ne3 Rg1+ 73. Kf5 b3 74. Nd5 b2 75. Ne3 Rc1 0-1

[Event "Quebec op 3e RIDEF"]
[Site "Montreal CAN"]
[Date "2015.07.19"]
[Round "4.17"]
[White "Duong, Thanh Nha"]
[Black "Brodie, Hugh"]
[Result "1-0"]
[WhiteElo "2277"]
[BlackElo "1929"]
[PlyCount "75"]
[EventDate "2015.07.17"]
[EventType "swiss"]
[EventRounds "9"]
[EventCountry "CAN"]

1. b3 e5 2. Bb2 Nc6 3. e3 d6 4. c4 f5 5. d4 exd4 6. exd4 Nf6 7. Nf3 Be7 8. d5
Nb8 9. Bd3 O-O 10. O-O a5 11. Nd4 g6 12. Nd2 Na6 13. Re1 Nh5 14. N2f3 Bf6 15.
Qd2 Nb4 16. Bf1 Bd7 17. a3 Na6 18. b4 axb4 19. axb4 Ng7 20. g3 Re8 21. Rxe8+
Nxe8 22. h4 Ng7 23. Bg2 Qf8 24. b5 Nc5 25. Rxa8 Qxa8 26. Nxf5 Nxf5 27. Bxf6 Ne4
28. Qb2 Qa4 29. Bf1 Qd1 30. Kg2 h5 31. Bg5 Nxg5 32. hxg5 c6 33. Be2 Qa4 34. Qf6
Be8 35. Qd8 Kf8 36. dxc6 bxc6 37. b6 Qb4 38. Qc7 1-0

[Event "Quebec op 3e RIDEF"]
[Site "Montreal CAN"]
[Date "2015.07.21"]
[Round "5.13"]
[White "Van Heirzeele, Daniel"]
[Black "Duong, Thanh Nha"]
[Result "0-1"]
[WhiteElo "2087"]
[BlackElo "2277"]
[PlyCount "76"]
[EventDate "2015.07.17"]
[EventType "swiss"]
[EventRounds "9"]
[EventCountry "CAN"]

1. d4 d5 2. c4 e6 3. Nf3 Nf6 4. g3 c6 5. Bg2 Bd6 6. O-O Ne4 7. Qc2 O-O 8. b3
Qe7 9. a4 a5 10. Ba3 Bxa3 11. Nxa3 Na6 12. Nd2 Nb4 13. Qb2 Nxd2 14. Qxd2 e5 15.
cxd5 cxd5 16. Nb5 Bg4 17. Rac1 Rac8 18. Rxc8 Rxc8 19. Rc1 Rc6 20. Rc3 e4 21. h3
Bh5 22. g4 Bg6 23. Na7 Rxc3 24. Qxc3 h5 25. Nb5 Qg5 26. Nd6 b6 27. Nc8 hxg4 28.
Nxb6 gxh3 29. Qc8+ Kh7 30. Qxh3+ Bh5 31. f4 exf3 32. exf3 g6 33. Nd7 Qe3+ 34.
Kh2 Qxd4 35. Qg3 Nd3 36. Qg5 Kg7 37. Qe7 Qf4+ 38. Kg1 Bxf3 0-1

[Event "Quebec op 3e RIDEF"]
[Site "Montreal CAN"]
[Date "2015.07.22"]
[Round "6.4"]
[White "Duong, Thanh Nha"]
[Black "Hambleton, Aman"]
[Result "0-1"]
[WhiteElo "2277"]
[BlackElo "2445"]
[PlyCount "92"]
[EventDate "2015.07.17"]
[EventType "swiss"]
[EventRounds "9"]
[EventCountry "CAN"]

1. c4 c5 2. Nc3 b6 3. Nf3 Bb7 4. e3 e6 5. d4 cxd4 6. exd4 Nf6 7. Bd3 d6 8. O-O
Be7 9. Qe2 O-O 10. Bg5 Nbd7 11. Rfd1 Re8 12. Rac1 Rc8 13. h3 Qc7 14. Ne4 Qb8
15. Nxf6+ Nxf6 16. Nd2 Qa8 17. Qf1 d5 18. cxd5 Bxd5 19. Ba6 Rxc1 20. Rxc1 Qb8
21. Bc4 Ba8 22. Be3 Nd5 23. Bb5 Rd8 24. a3 e5 25. Nf3 Nxe3 26. fxe3 exd4 27.
exd4 Qd6 28. Rd1 Bf6 29. Kh1 Qf4 30. Be2 g6 31. Qe1 Bxd4 32. Nxd4 Rxd4 33. Rxd4
Qxd4 34. Qc1 Bd5 35. Qc8+ Kg7 36. Qc1 h6 37. Qb1 Qe3 38. Qd3 Qxd3 39. Bxd3 Kf6
40. Kg1 Ke5 41. Kf2 Kd4 42. Bc2 f5 43. g3 Be4 44. Bb3 Kd3 45. Bf7 g5 46. b3 f4
0-1

[Event "Quebec op 3e RIDEF"]
[Site "Montreal CAN"]
[Date "2015.07.23"]
[Round "7.13"]
[White "Van Hoolandt, Patrick"]
[Black "Duong, Thanh Nha"]
[Result "1-0"]
[WhiteElo "2129"]
[BlackElo "2277"]
[PlyCount "107"]
[EventDate "2015.07.17"]
[EventType "swiss"]
[EventRounds "9"]
[EventCountry "CAN"]

1. d4 Nf6 2. c4 c5 3. d5 b5 4. cxb5 a6 5. bxa6 g6 6. Nc3 Bxa6 7. g3 d6 8. Bg2
Bg7 9. Nf3 Nfd7 10. O-O Nb6 11. Qc2 N8d7 12. Rd1 O-O 13. e4 Nc4 14. Nd2 Nxd2
15. Bxd2 Ne5 16. Be1 Qb6 17. b3 Rfc8 18. Rab1 Qa7 19. a4 Rab8 20. h3 g5 21. Kh1
Kh8 22. f3 Qd7 23. Bf2 Rg8 24. Kh2 Bf6 25. Rd2 Rg6 26. Nd1 Rh6 27. g4 Ng6 28.
Ne3 Be5+ 29. Bg3 Nf4 30. Nf5 Rg6 31. Bf1 Bxf1 32. Rxf1 e6 33. dxe6 fxe6 34. Ne3
Rh6 35. h4 gxh4 36. Bf2 Ne2+ 37. Kh3 Nd4 38. Qd1 Qf7 39. Bg1 Qf4 40. Rg2 Rxb3
41. g5 Rh5 42. Rg4 Qf7 43. f4 Bg7 44. Rg2 Qe8 45. Kh2 h3 46. Rd2 Rb4 47. Ng4 e5
48. Be3 h6 49. gxh6 Bxh6 50. Nf6 Qg6 51. Nxh5 Qxe4 52. Bxd4 cxd4 53. Qg4 d3 54.
Qc8+ 1-0

[Event "Quebec op 3e RIDEF"]
[Site "Montreal CAN"]
[Date "2015.07.24"]
[Round "8.23"]
[White "Duong, Thanh Nha"]
[Black "Gouvart, Stephane"]
[Result "1-0"]
[WhiteElo "2277"]
[BlackElo "1929"]
[PlyCount "129"]
[EventDate "2015.07.17"]
[EventType "swiss"]
[EventRounds "9"]
[EventCountry "CAN"]

1. c4 c6 2. g3 Nf6 3. Bg2 d5 4. Nf3 Bf5 5. cxd5 cxd5 6. Qb3 Qc7 7. Nc3 e6 8. d3
Nc6 9. Bf4 Bd6 10. Nb5 Qa5+ 11. Bd2 Bb4 12. Nd6+ Ke7 13. Nxf5+ exf5 14. Bc3
Rab8 15. O-O Bxc3 16. bxc3 Rhe8 17. Nh4 g6 18. Qb2 Qc5 19. e3 Ne5 20. Rfd1 Ned7
21. Rac1 b5 22. Nf3 Kf8 23. Nd4 Kg8 24. Qb4 Rec8 25. Nb3 Qb6 26. Qd4 Qxd4 27.
cxd4 Nb6 28. Nc5 a5 29. Kf1 b4 30. Ke2 Kf8 31. Kd2 Ke7 32. f3 Nfd7 33. e4 fxe4
34. fxe4 dxe4 35. Re1 Nxc5 36. dxc5 Na4 37. Bxe4 Kd7 38. d4 Nc3 39. Bc2 Re8 40.
Bb3 Re4 41. Rxe4 Nxe4+ 42. Kd3 f5 43. d5 Nc3 44. Bc4 Ne4 45. Kd4 a4 46. Bd3 b3
47. axb3 axb3 48. Bxe4 fxe4 49. Kxe4 b2 50. Rb1 h6 51. Ke5 Re8+ 52. Kf6 Re2 53.
h3 g5 54. Kg6 Rh2 55. g4 Ke7 56. d6+ Ke6 57. Kxh6 Rxh3+ 58. Kxg5 Rc3 59. Rxb2
Rxc5+ 60. Kg6 Kxd6 61. Kf6 Kd7 62. Kf7 Kd6 63. Kf6 Rc1 64. Rd2+ Kc7 65. g5 1-0

[Event "Quebec op 3e RIDEF"]
[Site "Montreal CAN"]
[Date "2015.07.25"]
[Round "9.16"]
[White "Trahan, Daniel"]
[Black "Duong, Thanh Nha"]
[Result "0-1"]
[WhiteElo "2037"]
[BlackElo "2277"]
[PlyCount "76"]
[EventDate "2015.07.17"]
[EventType "swiss"]
[EventRounds "9"]
[EventCountry "CAN"]

1. d4 f5 2. c4 e6 3. g3 d5 4. Bg2 c6 5. Nh3 Nf6 6. O-O Be7 7. Nd2 O-O 8. Qc2 a5
9. Nf3 Na6 10. Nf4 Ne4 11. a3 Bf6 12. Nd3 Bd7 13. Bf4 g5 14. Be5 dxc4 15. Bxf6
Rxf6 16. Nde5 Nc7 17. Nd2 Nxd2 18. Qxd2 h6 19. Nxc4 Nd5 20. e3 Be8 21. f3 Ne7
22. Rad1 b5 23. Ne5 Qb6 24. Rc1 Rd8 25. Rfd1 Rf8 26. h3 f4 27. gxf4 gxf4 28. e4
Rd6 29. Kh2 Ng6 30. Nxg6 Bxg6 31. Rc5 Kh7 32. Qc3 Be8 33. Qe1 Rxd4 34. Rdc1 Qd8
35. R5c2 Rg8 36. h4 Rg3 37. Bh3 Qxh4 38. Qf1 e5 0-1

[Event "Laval op"]
[Site "Laval CAN"]
[Date "2015.06.19"]
[Round "1"]
[White "Duong, Thanh Nha"]
[Black "Simard, Francois"]
[Result "1-0"]
[WhiteElo "2277"]
[BlackElo "1913"]
[PlyCount "39"]
[EventDate "2015.06.19"]
[EventType "swiss"]
[EventRounds "5"]
[EventCountry "CAN"]

1. d4 d5 2. Bg5 Nf6 3. Bxf6 exf6 4. e3 Be6 5. g3 c5 6. Ne2 Nc6 7. Bg2 Qa5+ 8.
c3 c4 9. Nd2 b5 10. e4 Rd8 11. Nf4 b4 12. exd5 bxc3 13. bxc3 Qxc3 14. dxc6 Qxd4
15. O-O Qxd2 16. c7 Qxd1 17. Raxd1 Rc8 18. Bc6+ Ke7 19. Nxe6 Kxe6 20. Bd7+ 1-0

[Event "Laval op"]
[Site "Laval CAN"]
[Date "2015.06.20"]
[Round "2"]
[White "Durette, Francis"]
[Black "Duong, Thanh Nha"]
[Result "0-1"]
[WhiteElo "1994"]
[BlackElo "2277"]
[PlyCount "108"]
[EventDate "2015.06.19"]
[EventType "swiss"]
[EventRounds "5"]
[EventCountry "CAN"]

1. e4 c6 2. d4 g6 3. c4 d5 4. Nc3 dxe4 5. Nxe4 Bg7 6. Nf3 Nh6 7. Be3 O-O 8. Be2
Bg4 9. Nc5 b6 10. Nb3 a5 11. h3 Bxf3 12. Bxf3 Nf5 13. a4 Qc7 14. Qe2 Na6 15.
O-O Rad8 16. Rfd1 Rfe8 17. Rac1 Nxe3 18. fxe3 c5 19. d5 Qe5 20. Rc2 Nb4 21.
Rcd2 Bh6 22. Kh1 Qxe3 23. Qxe3 Bxe3 24. Re2 Bf4 25. Re4 Bg3 26. Rd2 Kg7 27. Rg4
Be5 28. Re4 Bg3 29. Rg4 Bc7 30. Re4 Kf6 31. g4 e6 32. Rde2 Nd3 33. h4 h6 34.
Bg2 g5 35. h5 Nf4 36. Re1 Rf8 37. dxe6 fxe6 38. R4e3 Rf7 39. Be4 Rfd7 40. Bc2
Kf7 41. Rf1 Kg7 42. Rfe1 Rf8 43. Rf3 Bd8 44. Be4 Bf6 45. Rf2 Rfd8 46. Re3 Rd1+
47. Kh2 Bd4 48. Nxd4 cxd4 49. Rb3 d3 50. Rxb6 d2 51. Bf3 Re1 52. Rb7+ Kg8 53.
c5 d1=Q 54. Bxd1 Rdxd1 0-1

[Event "Laval op"]
[Site "Laval CAN"]
[Date "2015.06.20"]
[Round "3"]
[White "Duong, Thanh Nha"]
[Black "Nicula, Marius"]
[Result "1/2-1/2"]
[WhiteElo "2277"]
[BlackElo "2164"]
[PlyCount "83"]
[EventDate "2015.06.19"]
[EventType "swiss"]
[EventRounds "5"]
[EventCountry "CAN"]

1. c4 e6 2. Nc3 d5 3. d4 f5 4. g3 Nf6 5. Bg2 c6 6. Nh3 Be7 7. O-O O-O 8. b3 Qe8
9. Bb2 b6 10. Nf4 Bd6 11. Nd3 Nbd7 12. Qc2 Bb7 13. Rac1 g5 14. e3 Rc8 15. Rfe1
Qg6 16. f4 h6 17. Ne5 Qg7 18. Qb1 Rfe8 19. a4 Bb4 20. Re2 Nxe5 21. fxe5 Ne4 22.
Nxe4 fxe4 23. Bc3 Bxc3 24. Rxc3 c5 25. Qc1 g4 26. cxd5 cxd4 27. exd4 Rxc3 28.
Qxc3 exd5 29. Rf2 Rc8 30. Qe3 Rf8 31. Bf1 Rxf2 32. Qxf2 Qg5 33. Qf4 Bc8 34. Bb5
a5 35. Kf2 Be6 36. Bc6 Kg7 37. Ke3 Kg8 38. Bb5 Kg7 39. Kd2 Kg8 40. Kc3 Kg7 41.
Be2 Kg6 42. Qxg5+ 1/2-1/2

[Event "Laval op"]
[Site "Laval CAN"]
[Date "2015.06.21"]
[Round "5"]
[White "Duong, Thanh Nha"]
[Black "Zhu, Hong Rui"]
[Result "1/2-1/2"]
[WhiteElo "2277"]
[BlackElo "2224"]
[PlyCount "92"]
[EventDate "2015.06.19"]
[EventType "swiss"]
[EventRounds "5"]
[EventCountry "CAN"]

1. c4 c5 2. Nc3 Nc6 3. g3 g6 4. Bg2 Bg7 5. e4 a6 6. d3 e5 7. Nge2 Rb8 8. O-O
Nge7 9. Bg5 O-O 10. Qd2 b5 11. Nd5 f6 12. Be3 d6 13. b3 Be6 14. Rac1 Nd4 15. f4
Bg4 16. Bxd4 cxd4 17. Nxe7+ Qxe7 18. Bf3 Bxf3 19. Rxf3 f5 20. fxe5 dxe5 21.
Rcf1 bxc4 22. bxc4 Qe6 23. exf5 gxf5 24. Qg5 Rb2 25. R3f2 Qh6 26. Qc1 Rxa2 27.
c5 Qe6 28. Re1 Bh6 29. Nf4 Rxf2 30. Nxe6 Bxc1 31. Kxf2 Be3+ 32. Kf3 Rc8 33. Rb1
Kf7 34. Rb6 a5 35. g4 fxg4+ 36. Kxg4 e4 37. dxe4 d3 38. Kf3 Bxc5 39. Nxc5 Rxc5
40. Ke3 Rh5 41. Kxd3 Rxh2 42. Ra6 Rh5 43. Kd4 Ke7 44. e5 Rh1 45. Rxa5 Rd1+ 46.
Ke4 Re1+ 1/2-1/2

[Event "McGill op"]
[Site "Montreal CAN"]
[Date "2015.05.02"]
[Round "2"]
[White "Bouchard, Jean-Marc"]
[Black "Duong, Thanh Nha"]
[Result "0-1"]
[WhiteElo "1928"]
[BlackElo "2278"]
[PlyCount "66"]
[EventDate "2015.05.01"]
[EventType "swiss"]
[EventRounds "5"]
[EventCountry "CAN"]

1. Nf3 c5 2. g3 Nc6 3. d4 cxd4 4. Nxd4 e5 5. Nxc6 bxc6 6. Bg2 h5 7. c4 h4 8.
Nc3 Nh6 9. b3 Bc5 10. e3 O-O 11. Qh5 f5 12. O-O hxg3 13. hxg3 Ng4 14. Ne4 fxe4
15. Qxg4 d5 16. Qg6 Rf6 17. Qg5 Qe8 18. f4 Rf5 19. Qg4 Rxf4 20. Qd1 Rxf1+ 21.
Qxf1 Be6 22. Bd2 Qh5 23. cxd5 cxd5 24. Qb5 Bb6 25. Qc6 Qe8 26. Qxe8+ Rxe8 27.
Kf2 Bg4 28. Bb4 Rc8 29. Bd2 Rc2 30. Ke1 Bxe3 31. Bxe3 Rxg2 32. Bxa7 d4 33. Kf1
Bh3 0-1

[Event "McGill op"]
[Site "Montreal CAN"]
[Date "2015.05.03"]
[Round "4"]
[White "Gachet, Sebastien"]
[Black "Duong, Thanh Nha"]
[Result "1-0"]
[WhiteElo "2293"]
[BlackElo "2278"]
[PlyCount "109"]
[EventDate "2015.05.01"]
[EventType "swiss"]
[EventRounds "5"]
[EventCountry "CAN"]

1. e4 c5 2. Nf3 Nc6 3. d4 cxd4 4. Nxd4 Nf6 5. Nc3 d6 6. Bg5 e6 7. Qd2 a6 8.
O-O-O h6 9. Bh4 Nxe4 10. Qf4 Nf6 11. Nxc6 bxc6 12. Ne4 d5 13. Bxf6 gxf6 14.
Nxf6+ Ke7 15. Qb4+ c5 16. Qxc5+ Qd6 17. Qxd6+ Kxd6 18. c4 Ke7 19. Ng4 Bb7 20.
Ne3 Rc8 21. b3 Bg7 22. Kb1 d4 23. Nc2 e5 24. f3 f5 25. Bd3 Kf6 26. Rhf1 h5 27.
g3 Rhf8 28. Rde1 Rcd8 29. g4 fxg4 30. fxg4+ Kg5 31. Rf5+ Rxf5 32. gxf5 Re8 33.
Nxd4 e4 34. Ne6+ Kf6 35. Bxe4 Bxe4+ 36. Rxe4 Bh6 37. Re2 Rg8 38. Nd4 Bf4 39.
Re6+ Kg5 40. h3 Bg3 41. Re4 Bf2 42. c5 a5 43. a3 Rc8 44. b4 axb4 45. axb4 Rb8
46. Kc2 Kf6 47. Kb3 Rd8 48. Kc4 Ra8 49. b5 Ra3 50. c6 Bg3 51. Re6+ Kg5 52. Rg6+
Kh4 53. f6 Be5 54. Nf5+ Kxh3 55. f7 1-0

[Event "Quebec op"]
[Site "Montreal CAN"]
[Date "2007.07.20"]
[Round "1"]
[White "Huzman, Alexander"]
[Black "Duong, Thanh Nha"]
[Result "1-0"]
[WhiteElo "2601"]
[BlackElo "2300"]
[PlyCount "181"]
[EventDate "2007.07.20"]
[EventType "swiss"]
[EventRounds "9"]
[EventCountry "CAN"]

1. d4 d5 2. c4 e6 3. Nf3 c6 4. Qc2 f5 5. g3 Nf6 6. Bg2 Bd6 7. O-O O-O 8. Nc3
Qe7 9. Bg5 a6 10. a3 b5 11. c5 Bc7 12. Ne5 Bb7 13. e3 Nbd7 14. f4 Qe8 15. Bxf6
Nxf6 16. b4 Bc8 17. a4 Bd7 18. Ra2 Qc8 19. Rfa1 Qb7 20. Bf1 Bxe5 21. dxe5 Ne4
22. Nxe4 fxe4 23. Qb2 Rfb8 24. Ra3 Bc8 25. Qa2 Qd7 26. axb5 cxb5 27. Rd1 Bb7
28. Qc2 Qc6 29. h4 Rf8 30. Bh3 Rad8 31. Rd4 Kh8 32. Qd1 Qe8 33. Kh2 Bc8 34. Ra2
g6 35. Bg2 Bb7 36. Bh3 Rc8 37. Ra1 Rc7 38. Bg4 Kg7 39. Qf1 Qe7 40. Rd2 Rd8 41.
Qh3 Bc8 42. h5 Qf7 43. Kg1 Rg8 44. hxg6 hxg6 45. Rh2 Kf8 46. Kf2 Ke7 47. Ke2
Kd7 48. Kd2 Kc6 49. Kc3 Ra7 50. Ra5 g5 51. Be2 gxf4 52. gxf4 Rg1 53. Rh1 Rxh1
54. Qxh1 Kb7 55. Qh4 Qf8 56. Bxb5 Kb8 57. Be2 Qg8 58. Ra1 d4+ 59. exd4 Rh7 60.
Qf2 Rh3+ 61. Kb2 e3 62. Qe1 Rh2 63. Ka3 Qg2 64. Ra2 Qe4 65. Qc3 Bb7 66. Rb2 Rh1
67. Rb3 Bd5 68. c6 Bxc6 69. b5 Bd5 70. b6 Bc6 71. b7 Rh2 72. Qc5 Bxb7 73. Bxa6
Rh7 74. Bd3 Qh1 75. Bxh7 Qa1+ 76. Kb4 e2 77. Qd6+ Ka7 78. Qc5+ Kb8 79. Qd6+ Ka7
80. Ra3+ Qxa3+ 81. Kxa3 e1=Q 82. Qc5+ Kb8 83. Qd6+ Ka7 84. Qxe6 Qa5+ 85. Kb2
Qd2+ 86. Kb3 Qxd4 87. Qf7 Kb6 88. Qf6+ Kb5 89. Qd6 Bd5+ 90. Kc2 Be4+ 91. Bxe4
1-0

[Event "Quebec op"]
[Site "Montreal CAN"]
[Date "2007.07.21"]
[Round "2"]
[White "Duong, Thanh Nha"]
[Black "Ye, Ling Feng"]
[Result "0-1"]
[WhiteElo "2300"]
[BlackElo "2141"]
[PlyCount "72"]
[EventDate "2007.07.20"]
[EventType "swiss"]
[EventRounds "9"]
[EventCountry "CAN"]

1. d4 d5 2. c4 e6 3. Nf3 Nf6 4. g3 Bb4+ 5. Nbd2 dxc4 6. Qc2 b5 7. a4 c6 8. Bg2
Bb7 9. O-O O-O 10. b3 cxb3 11. Nxb3 Nbd7 12. Rd1 Qe7 13. e4 Rfc8 14. e5 Nd5 15.
Ng5 Nf8 16. Ne4 a5 17. Nbc5 Ba6 18. Bf1 Rcb8 19. Bd2 Bxc5 20. Nxc5 Nd7 21. Ne4
b4 22. Nd6 c5 23. dxc5 Nxe5 24. Bb5 Qf6 25. Rac1 Bxb5 26. axb5 a4 27. f4 Nf3+
28. Kg2 b3 29. Qd3 Nxd2 30. Qxd2 b2 31. Ne4 Qf5 32. Rc4 Rxb5 33. Nc3 b1=Q 34.
Nxb1 Rxb1 35. Rxb1 Qxb1 36. c6 Ne3+ 0-1

[Event "CAN-op"]
[Site "Ottawa CAN"]
[Date "2007.07.08"]
[Round "2"]
[White "Duong, Thanh Nha"]
[Black "Ostermeier, Ralf"]
[Result "1/2-1/2"]
[WhiteElo "2300"]
[BlackElo "2124"]
[PlyCount "129"]
[EventDate "2007.07.07"]
[EventType "swiss"]
[EventRounds "10"]
[EventCountry "CAN"]

1. d4 c5 2. d5 g6 3. g3 Bg7 4. Bg2 d6 5. e4 Nf6 6. Ne2 Na6 7. O-O Nc7 8. a4 Rb8
9. Na3 b6 10. c4 a6 11. Nc3 O-O 12. Qd3 Bd7 13. Rb1 Qc8 14. Re1 Ng4 15. Nc2 Re8
16. f4 f5 17. h3 fxe4 18. Nxe4 Nf6 19. g4 b5 20. axb5 axb5 21. Nxf6+ Bxf6 22.
b3 bxc4 23. Qxc4 Nb5 24. Bb2 Qb7 25. Kh1 Qb6 26. Qd3 Nc7 27. Bxf6 exf6 28. Qc3
Rxe1+ 29. Rxe1 Ne8 30. Re3 Rc8 31. Qe1 Qd8 32. Na3 Ra8 33. Nc4 Bb5 34. Re7 Ng7
35. Kh2 Kf8 36. Re3 Bxc4 37. bxc4 Ra2 38. Qb1 Ra7 39. Rb3 Ne8 40. Rb8 Qe7 41.
Qb2 Kf7 42. Rb3 Rc7 43. Qf2 Qd8 44. Bf3 Re7 45. Qd2 Qa8 46. Qc3 Rb7 47. Ra3 Ra7
48. Rb3 Rb7 49. Rb5 Nc7 50. Rxb7 Qxb7 51. g5 Ne8 52. Bg4 f5 53. Bf3 Qe7 54. Kg3
Ng7 55. Kf2 Qd8 56. h4 Qe7 57. Qa1 Qd8 58. Qd1 Qa5 59. Qe2 Qc3 60. Kg2 Qd4 61.
Kg3 Qg1+ 62. Kh3 Qd4 63. Kg3 Qg1+ 64. Kh3 Qd4 65. Kg3 1/2-1/2

[Event "CAN-op"]
[Site "Ottawa CAN"]
[Date "2007.07.13"]
[Round "8"]
[White "Duong, Thanh Nha"]
[Black "Bokhout, Peter"]
[Result "0-1"]
[WhiteElo "2300"]
[BlackElo "2082"]
[PlyCount "71"]
[EventDate "2007.07.07"]
[EventType "swiss"]
[EventRounds "10"]
[EventCountry "CAN"]

1. d4 Nf6 2. Nf3 g6 3. Bg5 Bg7 4. e3 O-O 5. Nbd2 d6 6. Bc4 Nbd7 7. O-O h6 8.
Bh4 c5 9. c3 a6 10. a4 b6 11. Re1 g5 12. Bg3 Bb7 13. e4 Nxe4 14. Bxf7+ Rxf7 15.
Nxe4 Bxe4 16. Rxe4 Nf6 17. Re6 Qd7 18. d5 Ne8 19. Qd3 Nc7 20. Rae1 b5 21. h4 c4
22. Qe4 g4 23. Nd4 Rc8 24. Rg6 bxa4 25. Ne6 Ne8 26. Qxg4 Rb8 27. Re2 a3 28.
bxa3 Rb3 29. Bf4 h5 30. Qxh5 Nf6 31. Qg5 Ne8 32. h5 Rb1+ 33. Kh2 Kh7 34. Qg4
Rb7 35. h6 Bf6 36. Rg8 0-1

[Event "CAN-op"]
[Site "Ottawa CAN"]
[Date "2007.07.15"]
[Round "10"]
[White "Duong, Thanh Nha"]
[Black "Yermolinsky, Alex"]
[Result "0-1"]
[WhiteElo "2300"]
[BlackElo "2517"]
[PlyCount "248"]
[EventDate "2007.07.07"]
[EventType "swiss"]
[EventRounds "10"]
[EventCountry "CAN"]

1. Nf3 g6 2. d4 Nf6 3. g3 d5 4. Bg2 Bg7 5. O-O O-O 6. c4 dxc4 7. Na3 Nc6 8.
Nxc4 Be6 9. b3 a5 10. Bb2 Bd5 11. Re1 a4 12. Nfe5 Bxg2 13. Kxg2 Qd5+ 14. f3
Rfd8 15. e4 Qb5 16. Nxc6 bxc6 17. Qc2 Nd7 18. Red1 Rdb8 19. Rd3 c5 20. d5 Bxb2
21. Nxb2 Ne5 22. Rc3 axb3 23. Rxb3 Qa6 24. Rc3 c6 25. Nd3 Nxd3 26. Rxd3 cxd5
27. exd5 Qf6 28. Rb1 Rxb1 29. Qxb1 c4 30. Rd2 c3 31. Rc2 Rc8 32. Qb3 Rc5 33. a4
Qd4 34. a5 Rxa5 35. Qxc3 Qxc3 36. Rxc3 Rxd5 37. Rc2 g5 38. Re2 e6 39. Rb2 Kg7
40. Ra2 h5 41. h3 Kg6 42. Re2 Rd4 43. Kf2 Kf6 44. Kg2 Ke7 45. Ra2 e5 46. Kf2 g4
47. hxg4 hxg4 48. fxg4 Rxg4 49. Ra6 Rd4 50. Kf3 f5 51. Ke3 Rd6 52. Ra5 Kf6 53.
Rb5 Ra6 54. Rb8 Ra3+ 55. Kf2 Ke6 56. Rb5 Ra2+ 57. Kf1 Rc2 58. Ra5 Kd6 59. Rb5
Rc5 60. Rb3 Rc2 61. Rb5 Ra2 62. Kg1 Ke6 63. Kf1 Kf6 64. Rb8 Ke7 65. Rb6 Rd2 66.
Ra6 Rd6 67. Ra5 Kf6 68. Ke2 Rc6 69. Rb5 Rc2+ 70. Kf1 Ke6 71. Ra5 Kd6 72. Rb5
Rc5 73. Rb3 Kd5 74. Ke2 Rc2+ 75. Ke3 Kc4 76. Rb8 Rc3+ 77. Kf2 Kd3 78. Rd8+ Ke4
79. Rd2 Rf3+ 80. Kg2 Ke3 81. Ra2 e4 82. Ra3+ Ke2 83. Ra2+ Ke1 84. Ra1+ Kd2 85.
Ra2+ Kd1 86. Ra1+ Kc2 87. Ra5 Kd2 88. Ra2+ Kc1 89. Ra5 Kc2 90. Ra2+ Kb3 91. Ra8
Kc4 92. Ra4+ Kd5 93. Ra5+ Ke6 94. Ra6+ Ke5 95. Ra5+ Kf6 96. Ra8 Rc3 97. Kf2
Rc2+ 98. Kf1 Rb2 99. Ra7 Rb6 100. Kf2 Kg5 101. Rg7+ Rg6 102. Rh7 Rd6 103. Rg7+
Kf6 104. Ra7 Rd2+ 105. Kf1 Ke5 106. Ra4 e3 107. Rf4 Rc2 108. Ra4 Rf2+ 109. Kg1
Rd2 110. Kf1 Rd4 111. Ra5+ Ke4 112. Ke2 Rd2+ 113. Ke1 Rg2 114. Ra4+ Ke5 115.
Ra5+ Kf6 116. g4 Rxg4 117. Ke2 Rg3 118. Kd3 Kg5 119. Re5 Kf4 120. Re8 Rg2 121.
Rxe3 Rg3 122. Rxg3 Kxg3 123. Ke2 f4 124. Kf1 Kf3 0-1

[Event "Quebec-ch"]
[Site "Montreal CAN"]
[Date "2006.09.08"]
[Round "1"]
[White "Duong, Thanh Nha"]
[Black "Voskanyan, Vahagn"]
[Result "0-1"]
[WhiteElo "2380"]
[BlackElo "2332"]
[PlyCount "98"]
[EventDate "2006.09.08"]
[EventType "tourn"]
[EventRounds "9"]
[EventCountry "CAN"]

1. d4 Nf6 2. c4 e6 3. Nc3 d5 4. cxd5 exd5 5. Bg5 Be7 6. Qc2 Nbd7 7. e3 Nf8 8.
Bd3 Ne6 9. Bh4 c6 10. Nge2 g6 11. O-O Ng7 12. f3 O-O 13. Rad1 Bf5 14. e4 dxe4
15. fxe4 Bg4 16. h3 Bxe2 17. Bxe2 Nd7 18. Bxe7 Qxe7 19. Bg4 Rad8 20. Qb3 Nf6
21. Bf3 Nfh5 22. Rfe1 Nf4 23. d5 Qg5 24. Kh1 Ngh5 25. Ne2 Nxe2 26. Bxe2 Ng3+
27. Kg1 Nxe4 28. dxc6 Qc5+ 29. Kh2 Qxc6 30. Bf3 Qc7+ 31. Kg1 Ng5 32. Qa4 Qb6+
33. Kh1 Rc8 34. b3 Ne6 35. Qe4 Rc7 36. Qe5 Qb4 37. Bd5 Rc5 38. Qe3 Ng7 39. Rf1
Rc7 40. Rd4 Qe7 41. Qf2 Nf5 42. Rd3 b6 43. g4 Ng7 44. Rf3 Rd7 45. Bc4 Qe4 46.
Kh2 Qb7 47. a4 a6 48. b4 Qc7+ 49. Rf4 g5 0-1

[Event "Quebec-ch"]
[Site "Montreal CAN"]
[Date "2006.09.09"]
[Round "2"]
[White "Duong, Thanh Nha"]
[Black "Benoit-Deschamps, Jean-Marc"]
[Result "0-1"]
[WhiteElo "2380"]
[BlackElo "2115"]
[PlyCount "118"]
[EventDate "2006.09.08"]
[EventType "tourn"]
[EventRounds "9"]
[EventCountry "CAN"]

1. c4 c5 2. Nc3 b6 3. Nf3 Bb7 4. e3 Nf6 5. d4 cxd4 6. exd4 e6 7. Bg5 Be7 8. Bd3
O-O 9. O-O d5 10. Qe2 Nbd7 11. Rfe1 Rc8 12. cxd5 Bxd5 13. Nxd5 Nxd5 14. Bxe7
Nxe7 15. Ba6 Rc7 16. Rac1 Nf6 17. Rxc7 Qxc7 18. Qd2 Qd6 19. Rc1 Rd8 20. Qc2
Ned5 21. a3 g6 22. g3 Kg7 23. Qc6 Qxc6 24. Rxc6 Rd7 25. Ne5 Rc7 26. b4 Nd7 27.
Rxc7 Nxc7 28. Bc4 Nb8 29. f4 f6 30. Nf3 Nc6 31. Kf2 Kf7 32. Ke3 Ke7 33. h4 Nd5+
34. Kd3 Kf7 35. Nd2 Ke7 36. Ne4 Nd8 37. Bb3 Nc7 38. Nc3 Kd6 39. Ke4 Nc6 40. Kd3
f5 41. Nd1 Nb5 42. d5 exd5 43. Ne3 Ne7 44. a4 Nc7 45. Nc2 Ng8 46. Nd4 Nf6 47.
Ne2 Na6 48. Nc3 Nxb4+ 49. Kd4 Nc6+ 50. Kd3 a6 51. Bd1 Kc5 52. Bf3 Ne4 53. Ne2
Nb4+ 54. Ke3 Nc2+ 55. Kd3 Ne1+ 56. Ke3 Nxf3 57. Kxf3 b5 58. axb5 axb5 59. g4 b4
0-1